Ciencia, pragmatismo y relativismo: estudios filosóficos /
Se compilan una serie de ensayos filosóficos del autor, en los cuales presenta y discute una amplia variedad de temas y autores significativos en las áreas de la epistemología, la tradición pragmatista, y la filosofía de la ciencia contemporánea. El énfasis se pone sobre conceptos como los de racion...
שמור ב:
| מחבר ראשי: | |
|---|---|
| פורמט: | לא ידוע |
| שפה: | Spanish |
| יצא לאור: |
San José, Costa Rica :
Editorial de la Universidad de Costa Rica,
|
| נושאים: | |
| תגים: |
הוספת תג
אין תגיות, היה/י הראשונ/ה לתייג את הרשומה!
|
MARC
| LEADER | 00000 a2200000 04500 | ||
|---|---|---|---|
| 001 | 40260 | ||
| 003 | cru CIDCACS/IIS | ||
| 005 | 20170511151928.0 | ||
| 008 | 050629s2007 cr spa d | ||
| 020 | |a 9969-936-04-9 | ||
| 040 | |c CIDCACS/IIS | ||
| 090 | |a FI05.01.01 R788c | ||
| 100 | |a Rosales Rodríguez, Amán | ||
| 245 | |a Ciencia, pragmatismo y relativismo: |b estudios filosóficos / |c Amán Rosales Rodríguez | ||
| 260 | |a San José, Costa Rica : |b Editorial de la Universidad de Costa Rica, | ||
| 300 | |a 424 páginas | ||
| 520 | |a Se compilan una serie de ensayos filosóficos del autor, en los cuales presenta y discute una amplia variedad de temas y autores significativos en las áreas de la epistemología, la tradición pragmatista, y la filosofía de la ciencia contemporánea. El énfasis se pone sobre conceptos como los de racionalidad, convencionalismo y otros, y en las ideas de filósofos como P.F. Strawson, H. Putnam, y varios más. El autor aboga por una perspectiva ecléctica o pluralista que combina, por ejemplo, elementos pragmatistas y realistas para el abordaje objetivo y sobrio de los problemas filosóficos. | ||
| 590 | |a EFU/JULIO2011 | ||
| 650 | |a FILOSOFIA | ||
| 650 | |a EPISTEMOLOGIA | ||
| 650 | |a CIENCIA | ||
| 650 | |a TEORIA | ||
| 650 | |a CIENTIFICOS | ||
| 942 | |2 ddc |c LI | ||
| 999 | |c 3509 |d 3509 | ||
